सुकरात का मुक़दमा और उनकी मृत्यु (Record no. 117564)

MARC details
000 -LEADER
fixed length control field 01186nam a22002657a 4500
005 - DATE AND TIME OF LATEST TRANSACTION
control field 20170124103057.0
010 ## - LIBRARY OF CONGRESS CONTROL NUMBER
LC control number B-005370
020 ## - INTERNATIONAL STANDARD BOOK NUMBER
Terms of availability 35.00
International Standard Book Number 8123729340
035 ## - SYSTEM CONTROL NUMBER
System control number B-005370
037 ## - SOURCE OF ACQUISITION
Source of stock number/acquisition Cen Lib/Ret
040 ## - CATALOGING SOURCE
Original cataloging agency DPL
Language of cataloging HN
082 ## - DEWEY DECIMAL CLASSIFICATION NUMBER
Classification number
Item number प्लेटोसु
100 ## - MAIN ENTRY--PERSONAL NAME
Personal name प्लेटो
9 (RLIN) 500
245 ## - TITLE STATEMENT
Title सुकरात का मुक़दमा और उनकी मृत्यु
Statement of responsibility, etc प्लेटो ; अनुवाद मन्मथनाथ गुप्त
246 ## - VARYING FORM OF TITLE
Title proper/short title Sukrat ka mukadama aur unki mrityu /
Remainder of title by Pleto ; anuvad Manmthnath Gupta
260 ## - PUBLICATION, DISTRIBUTION, ETC. (IMPRINT)
Place of publication, distribution, etc नयी दिल्ली
Name of publisher, distributor, etc नेशनल बुक ट्रस्ट
Date of publication, distribution, etc 1999
270 ## - ADDRESS
Address ए-5, ग्रीन पार्क
City नयी दिल्ली
Postal code 110016
300 ## - PHYSICAL DESCRIPTION
Extent 147पृ.
Dimensions 19सेमी (सजिल्द)
650 ## - SUBJECT ADDED ENTRY--TOPICAL TERM
Topical term or geographic name as entry element साहित्य--कथा
9 (RLIN) 42948
650 ## - SUBJECT ADDED ENTRY--TOPICAL TERM
Topical term or geographic name as entry element ग्रीक-- कहानियां
9 (RLIN) 118378
650 ## - SUBJECT ADDED ENTRY--TOPICAL TERM
Topical term or geographic name as entry element Literature--Fiction
9 (RLIN) 118379
650 ## - SUBJECT ADDED ENTRY--TOPICAL TERM
Topical term or geographic name as entry element Greek-- stories
9 (RLIN) 75470
700 ## - ADDED ENTRY--PERSONAL NAME
Personal name गुप्त, मन्मथनाथ
9 (RLIN) 118380
942 ## - ADDED ENTRY ELEMENTS (KOHA)
Source of classification or shelving scheme Dewey Decimal Classification
Koha item type Hindi Books
Classification part
Call number suffix प्लेटोसु
Holdings
Withdrawn status Lost status Damaged status Not for loan Home library Current library Date acquired Source of acquisition Cost, normal purchase price Total Checkouts Full call number Barcode Date last seen Copy number Cost, replacement price Price effective from Koha item type
Withdrawn       Central Library Central Library 07/09/2015 Cen Lib/Ref 35.00   क प्लेटोसु B-005370 07/09/2015 1 35.00 15/09/2016 Hindi Books

© Delhi Public Library
Hit Counter
free hit counter